Movie Transformations Quiz Stats

 Plays Quiz Updated Oct 4, 2018

Challenge
Share
Tweet
Score 0/20 Timer 08:00
3 Plays Today
% Correct
Fiona (Shrek)
97.2%
Bruce Banner (The Avengers)
96.1%
Stanley Ipkiss (The Mask)
95.2%
Lumiere & Cogsworth (Beauty and the Beast)
89.1%
Alex J. Murphy (RoboCop)
79.5%
Pinocchio (Pinocchio)
78.5%
Tess & Anna Coleman (Freaky Friday)
75.2%
Jacob Black (Twilight)
73.9%
Prince Naveen (Princess and the Frog)
71.1%
Scott Howard (Teen Wolf)
65.8%
% Correct
Maleficent (Sleeping Beauty)
53.3%
Professor McGonagall (Harry Potter)
51.8%
Nick Szalinski (Honey, I Shrunk the Kids)
48.6%
Dr. Curt Connors (The Amazing Spiderman)
39.5%
Elinor (Brave)
39.4%
Mystique (X-Men: First Class)
33.7%
Jack Jack (The Incredibles)
28%
David Kessler (An American Werewolf in London)
26.5%
Haku (Spirited Away)
22.8%
Sophie & Howl (Howl's Moving Castle)
16.2%

You're not logged in!

Compare scores with friends on all Sporcle quizzes.
OR
Log In

You Might Also Like...

Show Comments

Extras

Top Quizzes Today


Score Distribution

Your Account Isn't Verified!

In order to create a playlist on Sporcle, you need to verify the email address you used during registration. Go to your Sporcle Settings to finish the process.

Report this User

Report this user for behavior that violates our Community Guidelines.

Details: